Score 0/20 Timer 04:00
1 Play Today
Column A Answer % Correct
Seinfeld???
92.7%
M*A*S*H???
89.8%
Doogie Howser, M.D.???
83.4%
Maude???
83.3%
Knight Rider???
77.4%
Three's Company???
77.4%
The Carol Burnett Show???
77%
Malcolm in the Middle???
73.1%
Family Ties???
72%
The Facts of Life???
71.8%
Column A Answer % Correct
Hill Street Blues???
68.5%
Star Trek???
67.1%
The Mary Tyler Moore Show???
60.5%
Cheers???
55.3%
The Andy Griffith Show???
53.5%
Taxi???
46.8%
Maverick???
45.1%
Wings???
44.1%
The Fall Guy???
44%
Gilligan's Island???
18.2%

You're not logged in!

Compare scores with friends on all Sporcle quizzes.
OR
Log In

Sporcle TV

Today on Sporcle TV


Watch our educational content, quiz creation guides, and fun videos on Sporcle TV.

Show Comments

Extras

Top Quizzes Today


Score Distribution

Paid Content

Your Account Isn't Verified!

In order to create a playlist on Sporcle, you need to verify the email address you used during registration. Go to your Sporcle Settings to finish the process.

Report this User

Report this user for behavior that violates our Community Guidelines.

Details: